00616nam a22002057a 450000100060000000300080000600500170001400800410003103500190007204000260009104100080011708200250012510000200015024500590017025000120022926000590024130000340030050400500033465000260038438570BD-RjUL20211209052824.0160109r19681966-us||||| |||| 00| 0 eng d a(BD-RjUL)38675 aBD-RjULbengcBD-RjUL aeng 221a530.41bKII 1968 aKittel, Charles10aIntruduction to solid state physics /c Charles Kittel a3rd ed. aNew york:bJohn wiley,c1966 [Corrected Printing 1968] a[16], 648 p. :bill ;c25 cm. aIncludes bibliographical references andIndex. vSolid state physics.